=LDR 00000nam 2200000 4500 =001 NUTBA000000000004856 =005 20200819092048 =035 ##$$a 0010-101400000000086 =008 200819################g##########0#ind## =082 ##$$a 2x9.1 =100 1#$$a Said, as Khumais =245 1#$$a Tersenyumlah! sebagimana Rasulullah dan para sahabat tersenyum /$c Khumais as-Said =260 ##$$a Bogor :$b Pustaka Ibnu Katsir,$c 2005 =084 ##$$a 2x9.1 SAI t =250 ##$$a Cet.1 =300 ##$$a xiii, 249 hlm., ; $c 15x24 cm =650 #4$$a Nabi Muhammad, =990 ##$$a 00084478 =990 ##$$a 1200000907